| 000 | 00395pab a2200145 454500 | ||
|---|---|---|---|
| 008 | 180718b1984 xxu||||| |||| 00| 0 eng d | ||
| 100 | _aKemp, Roger L. | ||
| 245 | _aThe council - Manager form of government in the United States | ||
| 260 | _c1984 | ||
| 300 | _a1-10 | ||
| 362 | _aApr.-June | ||
| 650 | _aMunicipal Government - Manager Plan - U.S.A. | ||
| 773 | _aPrashasnika | ||
| 909 | _a13943 | ||
| 999 |
_c13943 _d13943 |
||